Welcome to the Holygrace Academy Library

Please use search bar below to get started

ANGRY RIVER (Record no. 7164)

MARC details
000 -LEADER
fixed length control field 00587nam a22001457a 4500
020 ## - INTERNATIONAL STANDARD BOOK NUMBER
ISBN 978-81-291-1984-1
082 ## - DEWEY DECIMAL CLASSIFICATION NUMBER
Classification number 823
Item number RUS/A
100 ## - MAIN ENTRY--AUTHOR NAME
Personal name BOND, RUSKIN
245 ## - TITLE STATEMENT
Title ANGRY RIVER
260 ## - PUBLICATION, DISTRIBUTION, ETC. (IMPRINT)
Place of publication DELHI
Name of publisher RUPA PUBLICATIONS
Year of publication 2023
300 ## - PHYSICAL DESCRIPTION
Number of Pages 84
520 ## - SUMMARY, ETC.
Summary, etc Sita is a sweet little girl living on a small island with her grandparents. But situations worsen as the water level rises while her grandmother was admitted to a hospital and their home as well as her life in danger. This story is about her journey of survival in the 'Angry River'.
650 ## - SUBJECT ADDED ENTRY--TOPICAL TERM
Topical Term FICTION
Geographic subdivision INDIA
942 ## - ADDED ENTRY ELEMENTS (KOHA)
Koha item type Books
Holdings
Withdrawn status Lost status Collection code Home library Current library Shelving location Date acquired Source of acquisition Cost, normal purchase price Full call number Accession Number Koha item type
    Fiction Main Library Main Library NEW SHELF WITH NEW ENTRY 11/11/2023 purchase 150.00 823 RUS/A 13303 Books